5HLuxD.jpg

KING HENRY VIII SENIOR AND PRIMARY SCHOOL LIBRARY OPAC

CREEPY-CRAWLIES (Record no. 4342)

000 -LEADER
fixed length control field 00293nam a22001217a 4500
008 - FIXED-LENGTH DATA ELEMENTS--GENERAL INFORMATION
fixed length control field 250207b ||||| |||| 00| 0 eng d
020 ## - INTERNATIONAL STANDARD BOOK NUMBER
International Standard Book Number 9780753470909
082 ## - DEWEY DECIMAL CLASSIFICATION NUMBER
Classification number 595.7 FEL
100 ## - MAIN ENTRY--PERSONAL NAME
Personal name FELDMAN,THEA
Relator term AUTHOR
245 ## - TITLE STATEMENT
Title CREEPY-CRAWLIES
260 ## - PUBLICATION, DISTRIBUTION, ETC.
Place of publication, distribution, etc. UNITED STATES
Name of publisher, distributor, etc. KINGFISHER
942 ## - ADDED ENTRY ELEMENTS (KOHA)
Source of classification or shelving scheme
Holdings
Withdrawn status Lost status Source of classification or shelving scheme Damaged status Not for loan Collection code Permanent Location Current Location Shelving location Date acquired Total Checkouts Full call number Barcode Date last seen Date last checked out Price effective from Koha item type Public note
          Non-Fiction KH8 Primary School Library KH8 Primary School Library Non Fiction 2025-02-07 9 595.7 FEL KHPL000006004 2026-02-24 2026-02-03 2025-02-07 Books - Non Ficton KH8 PRIMARY LIBRARY

Powered By KH8 IT Dept